000 01044cam a22003014a 4500
001 16312478
003 OSt
005 20230619112350.0
008 100701s2009 ja a b 000 0 eng
010 _a 2010446389
020 _a9784875401063
040 _aDLC
_cDLC
043 _aaw-----
_aa-ja---
050 0 0 _aDS63.2.J3
_bD48 2009
082 _a301
_bISDPR
245 0 0 _a"Development and society" :
_bDecember 2003
_c[edited by the Japan Foundation].
260 _aTokyo :
_bJapan Foundation,
_c2009.
300 _a314p
_bill. (some col.) ;
_c21 cm.
500 _a"The Japan Foundation Middle East Group Study Program 2008."
504 _aIncludes bibliographical references.
651 0 _aMiddle East
_xForeign relations
_zJapan.
651 0 _aJapan
_xForeign relations
_zMiddle East.
710 2 _aKokusai Kōryū Kikin.
710 2 _aKokusai Kōryū Kikin.
_bMiddle East Group Study Program.
906 _a7
_bcbc
_corignew
_d3
_encip
_f20
_gy-gencatlg
942 _2ddc
_cBK
999 _c1240
_d1240